What City or Borough in New York State? - Statistics

General Stats
  • This quiz has been taken 145 times
  • The average score is 9 of 14
Answer Stats
Hint Answer % Correct
Borough home to a famous zoo The Bronx
90%
Borough home to JFK Airport Queens
88%
Borough that used to host the Dodgers Brooklyn
85%
Borough known for its ferry Staten Island
79%
Borough home to Wall St, Broadway and Hell's Kitchen Manhattan
76%
City home to two major league sports teams Buffalo
71%
Hosted the Winter Olympics twice Lake Placid
67%
"Orange" city that shares a name with a city in Italy Syracuse
66%
Largest metro area in the USA that begins with a U Utica
66%
Known for Susan B Anthony, Fredrick Douglas and the Garbage Plate Rochester
58%
College town named after a Greek isle Ithaca
53%
Fourth largest city in the state Yonkers
43%
Shares a name with 28 other cities/towns in the USA Albany
35%
Birthplace of Lucille Ball Jamestown
27%
No matching quizzes found
Score Distribution
Percent of People with Each Score
Percentile by Number Answered
Your Score History
You have not taken this quiz